[Event "Poznan op 28th"]
[Site "Poznan"]
[Date "2021.08.20"]
[Round "7"]
[White "Maciejski, Pawel"]
[Black "Nowak, Bartlomiej"]
[Result "1-0"]
[WhiteElo "1438"]
[BlackElo "1063"]
[PlyCount "100"]
[EventDate "2021.08.15"]
[EventType "swiss"]
[EventRounds "9"]
[EventCountry "POL"]
[SourceTitle "CBM 203 Extra"]
[Source "ChessBase"]
[SourceDate "2021.09.30"]
[SourceVersion "1"]
[SourceVersionDate "2021.09.30"]
[SourceQuality "1"]

1. e4 c6 2. d4 d5 3. e5 g6 4. Bd3 Bg7 5. Ne2 e6 6. Be3 Ne7 7. 0-0 Nd7 8. c3 0-0 9. Ng3 Qc7 10. Na3 a6 11. Rc1 b5 12. Nc2 c5 13. Qd2 c4 14. Be2 Re8 15. Bh6 Bh8 16. h4 Nf8 17. h5 a5 18. Ne3 Bg7 19. Ng4 Nf5 20. Nxf5 exf5 21. Nf6+ Bxf6 22. exf6 Qd6 23. Bg7 Nd7 24. hxg6 fxg6 25. Bf3 Bb7 26. Qg5 Re6 27. Rfe1 Rae8 28. Kf1 Kf7 29. Qh6 Nxf6 30. Bxf6 Kxf6 31. Qxh7 Rxe1+ 32. Rxe1 Rxe1+ 33. Kxe1 Qe7+ 34. Qxe7+ Kxe7 35. Kd2 Kf6 36. Ke3 Kg5 37. g3 b4 38. Bd1 Bc6 39. f4+ Kf6 40. a3 bxa3 41. bxa3 g5 42. Bc2 Bd7 43. Bd1 Kg6 44. Bf3 gxf4+ 45. Kxf4 Be6 46. Ke5 Bc8 47. Bxd5 Kg5 48. Bxc4 Kg4 49. Be6 Bb7 50. Bxf5+ Kxg3 1-0

[Event "Poznan op 28th"]
[Site "Poznan"]
[Date "2021.08.16"]
[Round "3"]
[White "Cholewa, Jan"]
[Black "Nowak, Bartlomiej"]
[Result "0-1"]
[WhiteElo "1250"]
[BlackElo "1063"]
[PlyCount "54"]
[EventDate "2021.08.15"]
[EventType "swiss"]
[EventRounds "9"]
[EventCountry "POL"]
[SourceTitle "CBM 203 Extra"]
[Source "ChessBase"]
[SourceDate "2021.09.30"]
[SourceVersion "1"]
[SourceVersionDate "2021.09.30"]
[SourceQuality "1"]

1. e4 c5 2. Nf3 e6 3. d4 cxd4 4. Nxd4 Bc5 5. Nc3 Qb6 6. Na4 Qa5+ 7. c3 Bxd4 8. Qxd4 Nf6 9. Qc4 Nc6 10. f3 d5 11. exd5 Nxd5 12. Qc5 Qxa4 13. Bb5 Qh4+ 14. g3 Qd8 15. Bxc6+ bxc6 16. c4 Ne7 17. Bg5 f6 18. Rd1 Qb6 19. Qd6 fxg5 20. Ke2 c5 21. Qe5 0-0 22. Qxg5 Qxb2+ 23. Rd2 Qf6 24. Qe3 Ba6 25. Rd6 Bxc4+ 26. Kf2 Bd5 27. Re1 Nf5 0-1